000 00784nam a2200253Ia 4500
003 OSt
005 20220926012117.0
006 a|||||r|||| 00| 0
007 ta
008 220923b |||||||| |||| 00| 0 eng d
037 _cGeneral Book
040 _aRTL
_cRTL
_beng
041 _2eng
_aeng
082 _aXM8:8.73.N7, L2
100 _aStopford John M
_9125455
245 0 _aManaging the multinational enterprise
_b Organizati
260 _aNew York
_bBasic Books
_c1972
300 _axvi, 223p
_ccm.
490 _aHarvard Multinational Enterprise Series. Ed by Raymond Vernon.2
650 _aMultinational
700 _a Wells Louis T
_9124974
942 _hXM8:8.73.N7, L2
_cGB
_2CC
999 _c621733
_d621733